000 00626nam a2200217Ia 4500
001 4854
003 9604
005 20250322144739.0
008 ||||||n9999 ||| || ||
041 _aspa
110 1 _aColombia.
_bDepartamento Nacional de Planeación
_9261
245 0 _aLa politica social durante la administracion del presidente julio cesar turbay ayala
260 _aBogotá :
_bDepartamento Nacional de Planeación-DNP,
_c1981.
300 _a71p
562 _e1
650 _aCOLOMBIA
_98746
650 0 _aPolítica social
_92798
650 0 _aPresidentes
_96464
650 _y1981
_98747
942 _cDO-GO
999 _c4854
_d4854